| 000 | 00546nam a22001457a 4500 | ||
|---|---|---|---|
| 999 |
_c513348 _d513348 |
||
| 020 | _a9780190124175 | ||
| 082 | _aA99 N315\82 | ||
| 245 |
_aSelected works of Jawaharlal Nehru, vol. 82 (1 May - 31 July 1963) _ceditedby Madhavan K. Palat |
||
| 260 |
_aNew Delhi _bJawaharlal Nehru Memorial Fund _c2019 |
||
| 300 | _axxxii, 901p. | ||
| 650 |
_aIndia -- Politics and government -- 1947- _916381 |
||
| 650 |
_aIndia -- History -- 1947- _916382 |
||
| 650 |
_aIndia -- Foreign relations -- 1947-1984. _916383 |
||
| 700 |
_aPalat, Madhavan K., ed. _916052 |
||